00697cam a22001817a 4500999001700000008004100017020002200058050002400080100002200104245006100126246001300187260003700200300004200237504006000279700001900339942003400358952012300392 c18389d18389020516s2002 nyua bc 001 0deng d a0789308037 (pbk.)00aND653.G7 bA4 2002a1 aGogh, Vincent van14aThe portable Van Gogh /cwith an essay by Robert Hughes.18aVan Gogh aNew York, NY :bUniverse,c2002. a430 p. :bchiefly col. ill. ;c20 cm. aIncludes bibliographical references (p. 418) and index.1 aHughes, Robert 2lcccBOOKShND653.G7 A4 2002a 00102lcc4070aMUCbMUCcTECHd2016-12-19eDonation(BFA)l0oND653.G7 A4 2002ap29154r2018-07-11w2016-12-19yBOOKS